Flagi państw świata w 1923 roku - Statystyki

Ogólne statystyki
  • Ten quiz został rozwiązany 36 razy
  • Średni wynik to 60 z 77
Statystyki odpowiedzi
Obrazkowy Odpowiedź % Poprawnych
Albania
97%
Argentyna
97%
Australia
97%
Austria
97%
Belgia
97%
Brazylia
97%
Carstwo Bułgarii
97%
Cesarstwo Japońskie
97%
Chile
97%
Czechosłowacja
97%
Dania
97%
Estonia
97%
Finlandia
97%
Francja
97%
II Rzeczpospolita
97%
Irlandia
97%
Kolumbia
97%
Ekwador
94%
Holandia
94%
Honduras
94%
Królestwo Rumunii
94%
Dominikana
91%
Królestwo Węgier
91%
Królestwo Włoch
91%
Litwa
91%
Łotwa
91%
Luksemburg
91%
Meksyk
91%
Norwegia
91%
Panama
91%
Portugalia
91%
Stany Zjednoczone
91%
Gwatemala
88%
Haiti
88%
Królestwo Hiszpanii
88%
Monako
88%
San Marino
88%
Szwajcaria
88%
Turcja
88%
Urugwaj
88%
Wielka Brytania
88%
Boliwia
85%
Kuba
85%
Liechtenstein
85%
Nowa Zelandia
85%
Peru
85%
Szwecja
85%
Wenezuela
85%
Liberia
82%
Paragwaj
82%
Cesarstwo Etiopii
79%
Jugosławia
79%
Nikaragua
79%
Kanada
76%
Kostaryka
76%
Królestwo Grecji
76%
Afganistan
73%
Salwador
73%
Persja
67%
Tybet
67%
Związek Radziecki
67%
Związek Południowej Afryki
64%
Andora
61%
Wolne Miasto Gdańsk
61%
Chiny
55%
Oman-Maskat
55%
Królestwo Jemenu
52%
Nowa Fundlandia
52%
Syjam
52%
Królestwo Egiptu
45%
Republika Weimarska
45%
Królestwo Hidżazu
15%
Sułtanat Nadżdu
15%
Emirat Asiru
12%
Sułtanat Aussy
12%
Sowiecka Republika Buchary
9%
Wolne Miasto Fiume
6%
Nie znaleziono quizów pasujących do podanych kryteriów
Rozkład punktacji
Procent ludzi z każdym wynikiem
Percentyl według liczby udzielonych odpowiedzi
Twoja historia wyników
Nie rozwiązałeś tego quizu